<?xml version="1.0" encoding="UTF-8"?>
<record
    xmlns:xsi="http://www.w3.org/2001/XMLSchema-instance"
    xsi:schemaLocation="http://www.loc.gov/MARC21/slim http://www.loc.gov/standards/marcxml/schema/MARC21slim.xsd"
    xmlns="http://www.loc.gov/MARC21/slim">

  <leader>00895nam a22001937a 4500</leader>
  <controlfield tag="008">181117b        xxu||||| |||| 00| 0 eng d</controlfield>
  <datafield tag="082" ind1=" " ind2=" ">
    <subfield code="a">701.03</subfield>
    <subfield code="b">M829h</subfield>
  </datafield>
  <datafield tag="100" ind1=" " ind2=" ">
    <subfield code="a">Marxuach, Michy </subfield>
    <subfield code="9">6782</subfield>
  </datafield>
  <datafield tag="245" ind1=" " ind2=" ">
    <subfield code="a">Herramienta Generosa Vol.#3 Tratamientos para evitar la erradicaci&#xF3;n: objeto enigm&#xE1;tico</subfield>
  </datafield>
  <datafield tag="260" ind1=" " ind2=" ">
    <subfield code="a">Puerto Rico</subfield>
    <subfield code="b">Beta Local</subfield>
    <subfield code="c">2017</subfield>
  </datafield>
  <datafield tag="300" ind1=" " ind2=" ">
    <subfield code="a">163 p.</subfield>
    <subfield code="b">ill.</subfield>
    <subfield code="c">35 x 25 cm</subfield>
  </datafield>
  <datafield tag="505" ind1=" " ind2=" ">
    <subfield code="t">Antesala</subfield>
    <subfield code="t">Ausencias Deliberadas</subfield>
    <subfield code="t">La Vida Social del Objeto</subfield>
    <subfield code="t">Tejer - Destejer</subfield>
  </datafield>
  <datafield tag="650" ind1=" " ind2=" ">
    <subfield code="2">Arte contempor&#xE1;neo</subfield>
    <subfield code="v">Arte y sociedad</subfield>
    <subfield code="v">Arte - filosof&#xED;a</subfield>
    <subfield code="v">Arte - cultura</subfield>
    <subfield code="v">Arte - objeto</subfield>
    <subfield code="v">Arte - educaci&#xF3;n</subfield>
    <subfield code="v">Arte - metodolog&#xED;a</subfield>
    <subfield code="z">Arte - Puerto Rico</subfield>
    <subfield code="9">6783</subfield>
  </datafield>
  <datafield tag="700" ind1=" " ind2=" ">
    <subfield code="a">Escuela de Oficios</subfield>
    <subfield code="9">6784</subfield>
  </datafield>
  <datafield tag="700" ind1=" " ind2=" ">
    <subfield code="a">Vald&#xE9;s, Esteban</subfield>
    <subfield code="9">4296</subfield>
  </datafield>
  <datafield tag="700" ind1=" " ind2=" ">
    <subfield code="a">Morandeira Arrizabalaga, Julia</subfield>
    <subfield code="9">6785</subfield>
  </datafield>
  <datafield tag="700" ind1=" " ind2=" ">
    <subfield code="a">Fundaci&#xF3;n Puertorrique&#xF1;a para las Humanidades</subfield>
    <subfield code="9">6786</subfield>
  </datafield>
  <datafield tag="710" ind1=" " ind2=" ">
    <subfield code="a">Centro de Estudios Avanzados del Caribe</subfield>
    <subfield code="9">6787</subfield>
  </datafield>
  <datafield tag="999" ind1=" " ind2=" ">
    <subfield code="c">1668</subfield>
    <subfield code="d">1668</subfield>
  </datafield>
  <datafield tag="952" ind1=" " ind2=" ">
    <subfield code="0">0</subfield>
    <subfield code="1">0</subfield>
    <subfield code="2">ddc</subfield>
    <subfield code="4">0</subfield>
    <subfield code="7">0</subfield>
    <subfield code="a">LV</subfield>
    <subfield code="b">LV</subfield>
    <subfield code="c">Pensamiento</subfield>
    <subfield code="d">2018-11-17</subfield>
    <subfield code="l">0</subfield>
    <subfield code="o">701.03 M829h</subfield>
    <subfield code="p">004707</subfield>
    <subfield code="r">2018-11-17 00:00:00</subfield>
    <subfield code="w">2018-11-17</subfield>
    <subfield code="y">01</subfield>
  </datafield>
  <datafield tag="952" ind1=" " ind2=" ">
    <subfield code="0">0</subfield>
    <subfield code="1">0</subfield>
    <subfield code="2">ddc</subfield>
    <subfield code="4">0</subfield>
    <subfield code="7">0</subfield>
    <subfield code="a">LV</subfield>
    <subfield code="b">LV</subfield>
    <subfield code="c">Pensamiento</subfield>
    <subfield code="d">2018-11-17</subfield>
    <subfield code="l">0</subfield>
    <subfield code="o">701.03 M829h</subfield>
    <subfield code="p">004708</subfield>
    <subfield code="r">2018-11-17 00:00:00</subfield>
    <subfield code="w">2018-11-17</subfield>
    <subfield code="y">01</subfield>
  </datafield>
</record>
